000 00446nam a2200181Ia 4500
008 131103s9999 xx 000 0 und d
040 _aLoreto College
041 _aEnglish
082 _a780/FRO
_bLCBED
100 _aFrost, Bruno
245 _aMusic makers
_cBruno Frost
260 _aNew York
_bMaxton
_c1957
300 _a21p.
_b ill.,pic.
_c 21cm.
440 _aA Maxton book
650 _aMusic
850 _aLCBED/780/FRO
942 _cBK
999 _c33844
_d84323